[Event "DEM U18 2008"]
[Site "Willingen GER"]
[Date "2008.05.13"]
[Round "4"]
[White "Schlötzer, Waldemar"]
[Black "Carlstedt, Jonathan"]
[Result "0-1"]
[Termination "normal"]
[Board "10"]
[WhiteElo "2268"]
[BlackElo "2179"]
[PlyCount "100"]
[WhiteFideId "24602140"]
[BlackFideId "24614386"]
[EventCountry "GER"]
[EventRounds "9"]
[EventType "swiss"]
[EventDate "2008.05.10"]

1. d4 Nf6 2. Nf3 c5 3. dxc5 Na6 4. Be3 e6 5. c4 Nxc5 6. g3 b6 7. Bg2 Bb7 8. O-O
Be7 9. Nc3 O-O 10. Rc1 Rc8 11. Qd4 Nce4 12. Nxe4 Bxe4 13. Rfd1 d5 14. Ne5 Bc5
15. Qc3 Bxg2 16. Kxg2 Qc7 17. Bxc5 bxc5 18. f4 d4 19. Qf3 Rb8 20. Rc2 Nd7 21.
Nxd7 Qxd7 22. e3 f6 23. exd4 cxd4 24. Qe4 Rfd8 25. Rd3 Kf7 26. b3 Qb7 27. Qxb7+
Rxb7 28. Kf3 e5 29. Ke4 Ke6 30. f5+ Kd6 31. c5+ Kc6 32. Rc4 a5 33. g4 h6 34. h4
Rb5 35. Rd1 Rxc5 36. Rxc5+ Kxc5 37. Rc1+ Kb6 38. Kd3 Rd7 39. Rc8 Kb7 40. Rc5
Kb6 41. Rc8 Rc7 42. Rb8+ Kc5 43. a3 Kd6 44. Ke4 Rc3 45. Rd8+ Ke7 46. Ra8 Rxb3
47. Rxa5 Kd6 48. Ra6+ Kc5 49. Ra5+ Kb6 50. Ra8 Rg3 0-1

[Event "DEM U18 2008"]
[Site "Willingen GER"]
[Date "2008.05.13"]
[Round "4"]
[White "Stips, Felix"]
[Black "Heyder, Florian"]
[Result "0-1"]
[Termination "normal"]
[Board "11"]
[WhiteElo "2095"]
[BlackElo "2067"]
[PlyCount "104"]
[WhiteFideId "825263"]
[EventCountry "GER"]
[EventRounds "9"]
[EventType "swiss"]
[EventDate "2008.05.10"]

1. Nf3 c5 2. c4 e6 3. e4 d6 4. d4 cxd4 5. Nxd4 Nf6 6. Nc3 a6 7. Be2 Nbd7 8. O-O
Qc7 9. Bg5 b6 10. Qd2 Bb7 11. f3 Rc8 12. a4 Be7 13. a5 bxa5 14. Kh1 Ne5 15.
Rfc1 h6 16. Be3 Nfd7 17. f4 Nc6 18. Nd5 Qd8 19. Nxc6 Bxc6 20. Nxe7 Kxe7 21.
Rxa5 Bxe4 22. Rxa6 Nc5 23. Ra3 Ra8 24. Qb4 Qc7 25. Rca1 Rhb8 26. Qc3 Qb7 27.
Rxa8 Bxg2+ 28. Kg1 Rxa8 29. Rxa8 Qxa8 30. Qxg7 Bh3 31. b4 Qe4 32. Kf2 Nd3+ 33.
Bxd3 Qxd3 34. Qa1 Qc2+ 35. Ke1 Qxc4 36. Qa7+ Kf6 37. Qd4+ Qxd4 38. Bxd4+ Kf5
39. Kf2 Kxf4 40. b5 e5 41. b6 Bc8 42. Be3+ Kg4 43. Bxh6 f5 44. Bf8 d5 45. Bd6
e4 46. Ke3 Bb7 47. h3+ Kxh3 48. Kf4 d4 49. Kxf5 d3 50. Bf4 Kg2 51. Bc1 Kf3 52.
Ke5 e3 0-1

[Event "DEM U18 2008"]
[Site "Willingen GER"]
[Date "2008.05.13"]
[Round "4"]
[White "Daug, Jörn-Henning"]
[Black "Farmani Anosheh, Armin"]
[Result "0-1"]
[Termination "normal"]
[Board "12"]
[WhiteElo "1734"]
[BlackElo "2168"]
[PlyCount "36"]
[WhiteFideId "24616974"]
[BlackFideId "24613240"]
[EventCountry "GER"]
[EventRounds "9"]
[EventType "swiss"]
[EventDate "2008.05.10"]

1. d4 Nf6 2. c4 g6 3. Nc3 Bg7 4. e4 d6 5. Nge2 O-O 6. Ng3 e5 7. d5 a5 8. Be2
Na6 9. h4 Nc5 10. h5 c6 11. hxg6 fxg6 12. Be3 cxd5 13. Bxc5 dxc5 14. cxd5 Ne8
15. Qb3 Nd6 16. Nb5 a4 17. Qc2 Nxb5 18. Bxb5 Qa5+ 0-1

[Event "DEM U18 2008"]
[Site "Willingen GER"]
[Date "2008.05.13"]
[Round "4"]
[White "Denisow, Jewgeny"]
[Black "Holgert, Michael"]
[Result "1/2-1/2"]
[Termination "normal"]
[Board "13"]
[WhiteElo "2076"]
[BlackElo "2004"]
[PlyCount "130"]
[WhiteFideId "24631116"]
[BlackFideId "24668990"]
[EventCountry "GER"]
[EventRounds "9"]
[EventType "swiss"]
[EventDate "2008.05.10"]

1. e4 c5 2. d4 cxd4 3. c3 dxc3 4. Nxc3 e6 5. Nf3 a6 6. Bc4 Nc6 7. Bf4 Nge7 8.
O-O Ng6 9. Bg3 Be7 10. Qe2 O-O 11. Rfd1 b5 12. Bb3 d6 13. Rac1 Bb7 14. Qd2 Nge5
15. Nxe5 dxe5 16. Qe3 Qc7 17. Nd5 exd5 18. exd5 Rad8 19. dxc6 Rxd1+ 20. Bxd1
Bc8 21. Qxe5 Qxe5 22. Bxe5 Re8 23. Bb3 Bb4 24. f4 Rd8 25. a3 Bd2 26. c7 Be3+
27. Kf1 Rd7 28. Rc3 Bd4 29. Bxd4 Rxd4 30. Ke2 Kf8 31. Ke3 Rd7 32. a4 Ke8 33.
Rc5 Re7+ 34. Kd4 Kd7 35. axb5 axb5 36. Bc2 Kd6 37. Bxh7 Re2 38. b4 Rxg2 39. Bf5
Bxf5 40. Rxf5 Kxc7 41. Kc5 f6 42. Rh5 Rg4 43. f5 Re4 44. Kxb5 Re5+ 45. Ka4 Kb6
46. h4 Re1 47. Rh7 Ra1+ 48. Kb3 Kb5 49. Rxg7 Rb1+ 50. Kc3 Rc1+ 51. Kd4 Rd1+ 52.
Ke4 Re1+ 53. Kd4 Rd1+ 54. Ke3 Re1+ 55. Kd2 Rf1 56. h5 Rxf5 57. h6 Rh5 58. Rg6
f5 59. Ke3 Kxb4 60. Kf4 Kc4 61. Ke5 Kd3 62. Kf6 f4 63. Kg7 f3 64. h7 f2 65. Rf6
Ke2 1/2-1/2

[Event "DEM U18 2008"]
[Site "Willingen GER"]
[Date "2008.05.13"]
[Round "5"]
[White "Baldauf, Marco"]
[Black "Rudolf, Sebastian"]
[Result "1/2-1/2"]
[Termination "normal"]
[Board "1"]
[WhiteElo "2240"]
[BlackElo "2132"]
[PlyCount "41"]
[WhiteFideId "4688210"]
[BlackFideId "24609390"]
[EventCountry "GER"]
[EventRounds "9"]
[EventType "swiss"]
[EventDate "2008.05.10"]

1. e4 c5 2. Nf3 Nc6 3. Bb5 e6 4. O-O Nge7 5. c3 a6 6. Be2 d5 7. exd5 Nxd5 8. d4
Be7 9. dxc5 Bxc5 10. c4 Nf6 11. Qxd8+ Nxd8 12. Nc3 Bd7 13. Bf4 Nc6 14. Rfd1 O-O
15. Rab1 Rfd8 16. Ne5 Bd4 17. Nxd7 Rxd7 18. Bd2 Rad8 19. Be1 a5 20. Kf1 Bxc3
21. Bxc3 1/2-1/2

[Event "DEM U18 2008"]
[Site "Willingen GER"]
[Date "2008.05.13"]
[Round "5"]
[White "Kölsch, Maximilian"]
[Black "Borrink, Jörn"]
[Result "1-0"]
[Termination "normal"]
[Board "2"]
[WhiteElo "2098"]
[BlackElo "2071"]
[PlyCount "77"]
[WhiteFideId "24618462"]
[BlackFideId "24629359"]
[EventCountry "GER"]
[EventRounds "9"]
[EventType "swiss"]
[EventDate "2008.05.10"]

1. Nf3 d5 2. c4 e6 3. g3 Nf6 4. Bg2 Be7 5. O-O O-O 6. Qc2 c5 7. d3 Nc6 8. a3 h6
9. e3 a6 10. Nbd2 Bd7 11. b3 b5 12. Bb2 Qc7 13. Rac1 dxc4 14. bxc4 b4 15. Rfd1
a5 16. a4 Rab8 17. d4 b3 18. Qc3 Nb4 19. Qxb3 Nbd5 20. Qa2 Nb4 21. Qa3 Na6 22.
dxc5 Bxc5 23. Qa1 Ne8 24. Ne5 Bxa4 25. Qxa4 Rxb2 26. Nd7 Nd6 27. Nxf8 Kxf8 28.
Ne4 Rb4 29. Qa2 Nxe4 30. Bxe4 Be7 31. Rb1 f5 32. Bg2 Nc5 33. Rxb4 axb4 34. e4
fxe4 35. Bxe4 b3 36. Qa8+ Kf7 37. Bh7 Qe5 38. Bg8+ Kf6 39. Qe8 1-0

[Event "DEM U18 2008"]
[Site "Willingen GER"]
[Date "2008.05.13"]
[Round "5"]
[White "Lichmann, Peter"]
[Black "Sergin, Mark"]
[Result "1-0"]
[Termination "normal"]
[Board "3"]
[WhiteElo "2355"]
[BlackElo "2186"]
[PlyCount "81"]
[WhiteFideId "14111268"]
[BlackFideId "24615307"]
[EventCountry "GER"]
[EventRounds "9"]
[EventType "swiss"]
[EventDate "2008.05.10"]

1. e4 c5 2. Nc3 Nc6 3. d3 g6 4. Be3 d6 5. g3 Bg7 6. Qd2 e5 7. Bg2 Nge7 8. Nge2
O-O 9. O-O Nd4 10. f4 f5 11. fxe5 dxe5 12. Rae1 Rb8 13. Bg5 Qd6 14. exf5 Nexf5
15. Ne4 Nxe2+ 16. Qxe2 Qd4+ 17. Kh1 h6 18. c3 Qd7 19. Nxc5 Qb5 20. Be3 Nxe3 21.
Qxe3 Bf5 22. b4 b6 23. Ne4 Rbd8 24. Rd1 Rf7 25. Nf2 Rc7 26. g4 Be6 27. Rc1 Rdc8
28. Ne4 Rd8 29. Nf6+ Kh8 30. Be4 Bf7 31. a3 Qa6 32. g5 h5 33. Qf3 Rd6 34. Qg3
Re7 35. Ra1 Qc8 36. c4 Qd8 37. c5 bxc5 38. bxc5 Rde6 39. c6 Rc7 40. Nd5 Rcxc6
41. Rxf7 1-0

[Event "DEM U18 2008"]
[Site "Willingen GER"]
[Date "2008.05.13"]
[Round "5"]
[White "Zeldin, Leonid"]
[Black "Tereick, Benjamin"]
[Result "1/2-1/2"]
[Termination "normal"]
[Board "4"]
[BlackTitle "FM"]
[WhiteElo "2068"]
[BlackElo "2379"]
[PlyCount "83"]
[WhiteFideId "24636088"]
[BlackFideId "24607541"]
[EventCountry "GER"]
[EventRounds "9"]
[EventType "swiss"]
[EventDate "2008.05.10"]

1. e4 e6 2. d4 d5 3. exd5 exd5 4. Nf3 Nc6 5. Bb5 Bd6 6. c4 dxc4 7. d5 a6 8. Ba4
b5 9. dxc6 bxa4 10. O-O Ne7 11. Qxa4 Be6 12. Nbd2 Bd5 13. Nxc4 Bxc6 14. Nxd6+
Qxd6 15. Qf4 Qxf4 16. Bxf4 Bxf3 17. gxf3 O-O-O 18. Rac1 Nd5 19. Bg3 Rhe8 20.
Rfd1 Rd7 21. Rc5 Nf4 22. Rb1 Nd3 23. Rc3 Nb4 24. a3 Nd5 25. Rd3 f5 26. Rbd1 c6
27. Bf4 Rb7 28. Bc1 Re2 29. Kf1 Rc2 30. R3d2 Rxd2 31. Rxd2 Rb3 32. Rc2 Kc7 33.
Ke2 Rb8 34. Be3 Re8 35. Kd2 Re6 36. Rc4 Rg6 37. Rh4 h6 38. Rh5 Rf6 39. Bd4 Rf7
40. Be5+ Kd7 41. f4 Nf6 42. Bxf6 1/2-1/2

[Event "DEM U18 2008"]
[Site "Willingen GER"]
[Date "2008.05.13"]
[Round "5"]
[White "Wendling, Hannes"]
[Black "Dann, Matthias"]
[Result "1/2-1/2"]
[Termination "normal"]
[Board "5"]
[WhiteElo "2127"]
[BlackElo "2147"]
[PlyCount "89"]
[WhiteFideId "24624284"]
[BlackFideId "24638056"]
[EventCountry "GER"]
[EventRounds "9"]
[EventType "swiss"]
[EventDate "2008.05.10"]

1. e4 c5 2. Nf3 d6 3. d4 cxd4 4. Nxd4 Nf6 5. Nc3 a6 6. Bc4 e6 7. O-O b5 8. Bb3
Be7 9. Qf3 Qc7 10. Qg3 O-O 11. Bh6 Ne8 12. a3 Bd7 13. Rad1 Nc6 14. Nxc6 Bxc6
15. Rd3 a5 16. Re1 b4 17. axb4 axb4 18. Nd1 Qb7 19. f3 Ra5 20. Bf4 Kh8 21. e5
dxe5 22. Bxe5 f6 23. Bf4 e5 24. Be3 Nd6 25. Bf2 f5 26. h4 e4 27. fxe4 Nxe4 28.
Qh3 Ra1 29. Bd4 Bb5 30. Rf3 Qd7 31. c3 bxc3 32. bxc3 Ba4 33. Bxa4 Qxa4 34. Rd3
Qc2 35. Qe3 Bxh4 36. Rf1 Be7 37. Be5 Bc5 38. Bd4 Ra2 39. Nf2 Be7 40. Qh3 Nxf2
41. Bxf2 Ra6 42. Bd4 Rg6 43. Rdf3 Rg5 44. Be3 Rg6 45. Bd4 1/2-1/2

[Event "DEM U18 2008"]
[Site "Willingen GER"]
[Date "2008.05.13"]
[Round "5"]
[White "Dinger, Florian"]
[Black "Beck, Frederik"]
[Result "1/2-1/2"]
[Termination "normal"]
[Board "6"]
[WhiteTitle "FM"]
[BlackTitle "FM"]
[WhiteElo "2340"]
[BlackElo "2315"]
[PlyCount "60"]
[WhiteFideId "24605573"]
[BlackFideId "4687388"]
[EventCountry "GER"]
[EventRounds "9"]
[EventType "swiss"]
[EventDate "2008.05.10"]

1. e4 c5 2. Nc3 e6 3. Nf3 Nc6 4. d4 cxd4 5. Nxd4 Qc7 6. Be3 a6 7. Qd2 Nf6 8.
O-O-O Be7 9. f3 O-O 10. g4 b5 11. Nb3 Rd8 12. Qf2 Rb8 13. g5 Ne8 14. f4 Nd6 15.
e5 Nc4 16. Bc5 d6 17. exd6 Nxd6 18. Bd3 Bd7 19. Rhg1 Be8 20. Rg3 g6 21. Rh3 a5
22. Rf1 a4 23. Nd4 b4 24. Nxc6 Bxc6 25. Bc4 h5 26. gxh6 Kh7 27. Nd1 b3 28. a3
bxc2 29. Qxc2 Qb7 30. Nc3 Nf5 1/2-1/2

[Event "DEM U18 2008"]
[Site "Willingen GER"]
[Date "2008.05.13"]
[Round "5"]
[White "Carlstedt, Jonathan"]
[Black "Poetsch, Hagen"]
[Result "1-0"]
[Termination "normal"]
[Board "7"]
[WhiteElo "2179"]
[BlackElo "2267"]
[PlyCount "165"]
[WhiteFideId "24614386"]
[BlackFideId "24615137"]
[EventCountry "GER"]
[EventRounds "9"]
[EventType "swiss"]
[EventDate "2008.05.10"]

1. c4 Nf6 2. g3 e6 3. Nf3 d5 4. Bg2 d4 5. O-O Nc6 6. d3 Be7 7. e3 e5 8. exd4
exd4 9. Na3 O-O 10. Nc2 Bf5 11. a3 a5 12. b3 Ng4 13. Bb2 Bf6 14. Re1 Qd7 15. b4
axb4 16. axb4 Rxa1 17. Bxa1 h5 18. b5 Nce5 19. Nxe5 Nxe5 20. Nxd4 Nxd3 21. Nxf5
Qxf5 22. Re2 Nc5 23. Bxf6 Qxf6 24. Qd5 b6 25. Qxh5 Qa1+ 26. Bf1 Ne6 27. Re4 Rd8
28. Qe5 Qb1 29. Re1 Qc2 30. Kg2 Rd4 31. Qe3 Kf8 32. Qc1 Qf5 33. Qc3 Qc5 34. Qf3
Kg8 35. Ra1 Rd8 36. Ra8 Qf8 37. Rxd8 Qxd8 38. Bd3 Qe8 39. Qe4 g6 40. Qe5 Qd7
41. Be4 Qd4 42. Qxd4 Nxd4 43. f4 f5 44. Bd5+ Kg7 45. Kf2 Kf6 46. h3 Nb3 47. Ke3
Nc5 48. Bf3 Ne6 49. g4 Ng7 50. h4 Ke7 51. Kf2 Kf6 52. Kg3 Ke7 53. g5 Kf7 54.
Be2 Kf8 55. h5 gxh5 56. Bf3 Kf7 57. Kh4 Kg6 58. Be2 Ne6 59. Bxh5+ Kg7 60. Kg3
Kf8 61. Bf3 Ke7 62. Bd5 Nf8 63. Bg8 Ke8 64. Kh4 Ng6+ 65. Kh5 Nxf4+ 66. Kh6 Kf8
67. Bh7 Ne6 68. Bxf5 Ng7 69. Bd7 Kf7 70. Bg4 Kf8 71. Kg6 Ne8 72. Bd7 Nd6 73.
Be6 Ne8 74. Kf5 Ke7 75. Bd5 Ng7+ 76. Kg6 Ne8 77. Kh7 Kf8 78. Bf3 Nd6 79. Bg4
Ne8 80. Bd7 Ng7 81. Kg6 Kg8 82. Kf6 Kf8 83. Bc6 1-0

[Event "DEM U18 2008"]
[Site "Willingen GER"]
[Date "2008.05.13"]
[Round "5"]
[White "Heyder, Florian"]
[Black "Savchenko, Aleksij"]
[Result "0-1"]
[Termination "normal"]
[Board "8"]
[WhiteElo "2067"]
[BlackElo "2163"]
[PlyCount "62"]
[BlackFideId "24611727"]
[EventCountry "GER"]
[EventRounds "9"]
[EventType "swiss"]
[EventDate "2008.05.10"]

1. e4 c5 2. Nf3 d6 3. c3 Nf6 4. Bd3 Nc6 5. Bc2 Bg4 6. h3 Bh5 7. d3 e5 8. g4 Bg6
9. Nbd2 Be7 10. Nf1 d5 11. Qe2 c4 12. dxc4 Nxe4 13. cxd5 Qxd5 14. Ne3 Qc5 15.
Qc4 Qxc4 16. Nxc4 Nxf2 17. Kxf2 Bxc2 18. Ncxe5 Nxe5 19. Nxe5 O-O 20. Be3 f5 21.
Nd7 Bh4+ 22. Kg1 Rfe8 23. Bf2 Bxf2+ 24. Kxf2 Rad8 25. Nc5 Rd2+ 26. Kg3 g5 27.
gxf5 Re3+ 28. Kg4 Rg2+ 29. Kh5 b6 30. Nb3 Bxf5 31. Rae1 Kg7 0-1

[Event "DEM U18 2008"]
[Site "Willingen GER"]
[Date "2008.05.13"]
[Round "5"]
[White "Farmani Anosheh, Armin"]
[Black "Glantz, Robert"]
[Result "0-1"]
[Termination "normal"]
[Board "10"]
[WhiteElo "2168"]
[BlackElo "2101"]
[PlyCount "58"]
[WhiteFideId "24613240"]
[BlackFideId "24629596"]
[EventCountry "GER"]
[EventRounds "9"]
[EventType "swiss"]
[EventDate "2008.05.10"]

1. e4 c5 2. Nf3 d6 3. d4 cxd4 4. Nxd4 Nf6 5. Nc3 a6 6. Be2 e6 7. O-O Be7 8. a4
Nc6 9. Be3 O-O 10. Nb3 b6 11. f4 Qc7 12. Bf3 Nd7 13. Qe2 Rb8 14. g4 Nc5 15. Nd4
Bd7 16. Nxc6 Bxc6 17. g5 b5 18. axb5 axb5 19. Bxc5 dxc5 20. e5 b4 21. Bxc6 bxc3
22. Be4 cxb2 23. Bxh7+ Kxh7 24. Qh5+ Kg8 25. Ra3 Bxg5 26. fxg5 g6 27. Qh6 Qxe5
28. Rb1 Rb4 29. Rh3 Rg4+ 0-1

[Event "DEM U18 2008"]
[Site "Willingen GER"]
[Date "2008.05.13"]
[Round "5"]
[White "Czybik, Nils Patrick"]
[Black "Denisow, Jewgeny"]
[Result "0-1"]
[Termination "normal"]
[Board "11"]
[WhiteElo "2072"]
[BlackElo "2076"]
[PlyCount "114"]
[WhiteFideId "24632040"]
[BlackFideId "24631116"]
[EventCountry "GER"]
[EventRounds "9"]
[EventType "swiss"]
[EventDate "2008.05.10"]

1. Nf3 Nf6 2. g3 g6 3. b3 Bg7 4. Bb2 O-O 5. Bg2 d6 6. d4 Nbd7 7. O-O e5 8. dxe5
Ng4 9. Qd2 Ngxe5 10. c4 f5 11. Rd1 Nxf3+ 12. Bxf3 Qe7 13. Nc3 Ne5 14. Bg2 Rb8
15. Nd5 Qf7 16. Rab1 Kh8 17. Qa5 b6 18. Qd2 Bb7 19. Re1 Rbe8 20. Rbd1 Ba8 21.
a4 a5 22. Rb1 Qd7 23. Qc3 f4 24. Qd2 Bxd5 25. Qxd5 fxg3 26. hxg3 Qf5 27. Rf1
Qh5 28. f3 Qf5 29. f4 Ng4 30. e4 Qd7 31. Bh3 Bxb2 32. Rxb2 Qg7 33. Re2 Nf6 34.
Qd3 Qh6 35. Kg2 Qg7 36. e5 Nd7 37. exd6 Nc5 38. Qd1 Rxe2+ 39. Qxe2 cxd6 40. Rd1
Qf6 41. Qe3 Rd8 42. Rd2 Kg7 43. Bg4 h5 44. Bd1 Kf7 45. Bc2 Re8 46. Qf3 h4 47.
g4 Ne6 48. Rf2 Kg7 49. g5 Qe7 50. Qg4 Nd4 51. Bb1 Qb7+ 52. Kg1 Re1+ 53. Rf1
Nf3+ 54. Qxf3 Qxf3 55. Rxe1 Qg3+ 56. Kf1 Qxf4+ 57. Ke2 Qxg5 0-1

[Event "DEM U18 2008"]
[Site "Willingen GER"]
[Date "2008.05.13"]
[Round "5"]
[White "Holgert, Michael"]
[Black "Schlötzer, Waldemar"]
[Result "0-1"]
[Termination "normal"]
[Board "12"]
[WhiteElo "2004"]
[BlackElo "2268"]
[PlyCount "80"]
[WhiteFideId "24668990"]
[BlackFideId "24602140"]
[EventCountry "GER"]
[EventRounds "9"]
[EventType "swiss"]
[EventDate "2008.05.10"]

1. d4 Nf6 2. Nf3 d6 3. Nc3 Nbd7 4. Bg5 c6 5. Qd2 Qc7 6. e4 e5 7. O-O-O Be7 8.
Kb1 O-O 9. Nh4 Re8 10. Nf5 Bf8 11. dxe5 dxe5 12. f3 b5 13. h4 a5 14. h5 a4 15.
Ne2 Nc5 16. Bxf6 Bxf5 17. Qg5 Bxe4 18. Ng3 Bg6 19. hxg6 fxg6 20. Ne4 Nxe4 21.
fxe4 gxf6 22. Qxf6 a3 23. Be2 Rad8 24. Bg4 Rd6 25. Rxd6 Qxd6 26. Qxd6 Bxd6 27.
Bd7 Rf8 28. Bxc6 Rf2 29. bxa3 Bxa3 30. Bxb5 Rxg2 31. Rf1 Kg7 32. Rf3 Rg1+ 33.
Bf1 h5 34. Rxa3 Rxf1+ 35. Kb2 h4 36. Ra7+ Rf7 37. Ra3 g5 38. Rh3 Kg6 39. a4 Kh5
40. a5 g4 0-1

[Event "DEM U18 2008"]
[Site "Willingen GER"]
[Date "2008.05.14"]
[Round "6"]
[White "Rudolf, Sebastian"]
[Black "Lichmann, Peter"]
[Result "0-1"]
[Termination "normal"]
[Board "1"]
[WhiteElo "2132"]
[BlackElo "2355"]
[PlyCount "66"]
[WhiteFideId "24609390"]
[BlackFideId "14111268"]
[EventCountry "GER"]
[EventRounds "9"]
[EventType "swiss"]
[EventDate "2008.05.10"]

1. e4 c5 2. Nf3 d6 3. d4 cxd4 4. Nxd4 Nf6 5. Nc3 g6 6. Be3 Bg7 7. f3 O-O 8. Qd2
Nc6 9. Bc4 Bd7 10. O-O-O Ne5 11. Bb3 Rc8 12. Kb1 Re8 13. h4 h5 14. g4 hxg4 15.
h5 Nxh5 16. Bh6 e6 17. Rdg1 g3 18. Bxg7 Kxg7 19. Rxg3 Rh8 20. Rgh3 Qb6 21. Nde2
Qc5 22. f4 Ng4 23. Rg1 Nhf6 24. Rd3 Nf2 25. Rd4 Rh2 26. Rg5 e5 27. fxe5 dxe5
28. Rxd7 Nxd7 29. Qxd7 Rh1+ 30. Rg1 Rc7 31. Qd5 Rxg1+ 32. Nxg1 Nxe4 33. Qd1
Qxc3 0-1

[Event "DEM U18 2008"]
[Site "Willingen GER"]
[Date "2008.05.14"]
[Round "6"]
[White "Kölsch, Maximilian"]
[Black "Baldauf, Marco"]
[Result "0-1"]
[Termination "normal"]
[Board "2"]
[WhiteElo "2098"]
[BlackElo "2240"]
[PlyCount "78"]
[WhiteFideId "24618462"]
[BlackFideId "4688210"]
[EventCountry "GER"]
[EventRounds "9"]
[EventType "swiss"]
[EventDate "2008.05.10"]

1. d4 d5 2. c4 c6 3. cxd5 cxd5 4. g3 Nc6 5. Nf3 Nf6 6. Bg2 e6 7. O-O Bd6 8. Nc3
h6 9. a3 O-O 10. Qd3 Bd7 11. Rb1 Qe7 12. Rd1 Rfd8 13. Bf4 Bxf4 14. gxf4 Nh5 15.
e3 f5 16. Ne2 a6 17. Ng3 Nf6 18. b4 Ne4 19. Nd2 Nd6 20. Rdc1 Na7 21. Qb3 Qe8
22. f3 Bc6 23. Re1 Qd7 24. Bh3 Nac8 25. e4 Ne7 26. Re3 Ng6 27. Ne2 Rac8 28. Kh1
Ba4 29. Qa2 Rc2 30. Rb2 Rdc8 31. Nb3 Rxb2 32. Qxb2 Nc4 33. Qc1 Nxe3 34. Qxe3
Bxb3 35. Qxb3 Qb5 36. Bf1 Nxf4 37. Ng3 Rc1 38. Kg1 Rxf1+ 39. Nxf1 Qe2 0-1

[Event "DEM U18 2008"]
[Site "Willingen GER"]
[Date "2008.05.14"]
[Round "6"]
[White "Tereick, Benjamin"]
[Black "Borrink, Jörn"]
[Result "0-1"]
[Termination "normal"]
[Board "3"]
[WhiteTitle "FM"]
[WhiteElo "2379"]
[BlackElo "2071"]
[PlyCount "140"]
[WhiteFideId "24607541"]
[BlackFideId "24629359"]
[EventCountry "GER"]
[EventRounds "9"]
[EventType "swiss"]
[EventDate "2008.05.10"]

1. Nf3 Nf6 2. g3 b6 3. Bg2 Bb7 4. O-O e6 5. c4 Be7 6. d4 O-O 7. Nc3 Ne4 8. Qc2
Nxc3 9. Qxc3 c5 10. b3 d6 11. Bb2 Bf6 12. Rad1 Qc7 13. Qd2 Rd8 14. dxc5 dxc5
15. Qf4 Na6 16. Qxc7 Nxc7 17. Ne5 Bxg2 18. Kxg2 Ne8 19. e3 Kf8 20. f4 Bxe5 21.
Bxe5 Ke7 22. g4 f6 23. Bc3 a6 24. Kf3 Ra7 25. Rxd8 Kxd8 26. e4 Rd7 27. Ke3 Ke7
28. e5 b5 29. h3 Nc7 30. Ba5 Na8 31. cxb5 axb5 32. Rc1 Ra7 33. b4 cxb4 34.
Bxb4+ Kf7 35. exf6 gxf6 36. Rc8 Nb6 37. Rf8+ Kg7 38. Bc5 Nd5+ 39. Kf3 Rc7 40.
Bd6 Rc3+ 41. Kf2 Nxf4 42. Rb8 Nxh3+ 43. Kg2 e5 44. Rxb5 Nf4+ 45. Kf2 Rc6 46.
Bb8 Ra6 47. Kf3 Kg6 48. g5 Ra3+ 49. Rb3 Rxb3+ 50. axb3 Kxg5 51. b4 Ne6 52. Ba7
Nc7 53. Ke4 h5 54. Bb6 Nb5 55. Kf3 f5 56. Bd8+ Kg6 57. Bb6 Kf6 58. Kg3 f4+ 59.
Kh4 Kg6 60. Bc5 e4 61. Kh3 Kf5 62. Kg2 Kg4 63. Bb6 e3 64. Bc5 f3+ 65. Kh2 Kf4
66. Bb6 Ke4 67. Kg3 h4+ 68. Kh2 f2 69. Bc5 f1=Q 70. Bxe3 Qe2+ 0-1

[Event "DEM U18 2008"]
[Site "Willingen GER"]
[Date "2008.05.14"]
[Round "6"]
[White "Dann, Matthias"]
[Black "Carlstedt, Jonathan"]
[Result "1/2-1/2"]
[Termination "normal"]
[Board "4"]
[WhiteElo "2147"]
[BlackElo "2179"]
[PlyCount "79"]
[WhiteFideId "24638056"]
[BlackFideId "24614386"]
[EventCountry "GER"]
[EventRounds "9"]
[EventType "swiss"]
[EventDate "2008.05.10"]

1. e4 c5 2. Nf3 Nf6 3. e5 Nd5 4. Nc3 Nxc3 5. dxc3 Nc6 6. Bf4 Qc7 7. Qd2 e6 8.
h4 b6 9. g4 Bb7 10. Bg2 O-O-O 11. O-O-O Na5 12. b3 Bc6 13. Rhe1 Nb7 14. Bh1 d5
15. g5 a5 16. h5 g6 17. h6 a4 18. Nh2 Na5 19. Ng4 Qa7 20. Kb1 Kc7 21. Nf6 Be7
22. Bg2 Qb7 23. Bg3 Kb8 24. Bf1 Ka7 25. Qf4 b5 26. Ka1 axb3 27. axb3 Qb6 28.
Kb2 Kb7 29. f3 c4 30. b4 d4 31. Rxd4 Rxd4 32. Qxd4 Qxd4 33. cxd4 Bxb4 34. c3
Be7 35. Be2 Nb3 36. Bf4 Bxf6 37. exf6 Ra8 38. Bd1 Bd5 39. Bd6 Kc6 40. Bg3
1/2-1/2

[Event "DEM U18 2008"]
[Site "Willingen GER"]
[Date "2008.05.14"]
[Round "6"]
[White "Savchenko, Aleksij"]
[Black "Zeldin, Leonid"]
[Result "1/2-1/2"]
[Termination "normal"]
[Board "5"]
[WhiteElo "2163"]
[BlackElo "2068"]
[PlyCount "67"]
[WhiteFideId "24611727"]
[BlackFideId "24636088"]
[EventCountry "GER"]
[EventRounds "9"]
[EventType "swiss"]
[EventDate "2008.05.10"]

1. d4 d5 2. c4 e6 3. Nc3 Be7 4. Nf3 Nf6 5. Qc2 O-O 6. Bf4 c6 7. e3 Nbd7 8. Bd3
Re8 9. cxd5 exd5 10. O-O Nf8 11. Rab1 Bb4 12. Bg5 Qd6 13. Bf4 Qe7 14. Bg5 Qd6
15. a3 Bxc3 16. Bxf6 Qxf6 17. bxc3 Ng6 18. Rfc1 Qe7 19. Qb3 Nh4 20. Be2 Nxf3+
21. Bxf3 b5 22. a4 a6 23. Qb4 Bf5 24. Ra1 Kf8 25. Qa5 Bd3 26. axb5 Bxb5 27. Bd1
Reb8 28. Ba4 Qd6 29. Bc2 Ke7 30. e4 Qd8 31. Qa3+ Qd6 32. Qa5 Qd8 33. Qa3+ Qd6
34. Qa5 1/2-1/2

[Event "DEM U18 2008"]
[Site "Willingen GER"]
[Date "2008.05.14"]
[Round "6"]
[White "Wendling, Hannes"]
[Black "Dinger, Florian"]
[Result "0-1"]
[Termination "normal"]
[Board "6"]
[BlackTitle "FM"]
[WhiteElo "2127"]
[BlackElo "2340"]
[PlyCount "120"]
[WhiteFideId "24624284"]
[BlackFideId "24605573"]
[EventCountry "GER"]
[EventRounds "9"]
[EventType "swiss"]
[EventDate "2008.05.10"]

1. e4 c5 2. Nf3 d6 3. d4 cxd4 4. Nxd4 Nf6 5. Nc3 a6 6. Bg5 e6 7. f4 h6 8. Bh4
Be7 9. Qf3 Qc7 10. O-O-O Nbd7 11. Be2 Rg8 12. Qg3 g5 13. fxg5 Ne5 14. Nf3 Nxf3
15. Qxf3 hxg5 16. Bg3 Bd7 17. Bxd6 Bxd6 18. Qxf6 Be5 19. Rxd7 Bf4+ 20. Rd2 Rd8
21. Rhd1 Rg6 22. Qh8+ Ke7 23. Qh5 Qe5 24. h3 Rf6 25. Bd3 b5 26. Kb1 b4 27. Ne2
Be3 28. Nc1 a5 29. Qe2 Qc5 30. Re1 Bxd2 31. Qxd2 Rf2 32. Re2 Rxe2 33. Qxe2 a4
34. Qf1 Qe5 35. Ne2 b3 36. Nc3 bxc2+ 37. Kxc2 Rc8 38. a3 Qc5 39. Kb1 Qd4 40.
Ka2 Rd8 41. Bc2 Qe3 42. Qc4 Rd2 43. Bxa4 Rxg2 44. Bd1 Qxh3 45. Qc7+ Kf8 46. Be2
Qe3 47. Bh5 Qf2 48. Qb8+ Kg7 49. e5 Qf5 50. Qb7 Rh2 51. Qf3 Rf2 52. Qxf5 exf5
53. Nd1 Rh2 54. Bf3 g4 55. Bb7 f4 56. a4 g3 57. Nc3 Rf2 58. Ne4 g2 59. Nxf2
g1=Q 60. Ne4 f3 0-1